000 00785nam a2200241 i 4500
001 93593
003 ES-MaACL
005 20250829062531.0
007 t|
008 050414s1987 sp ||||1| spa d
020 _a505-6897-8
100 1 _aLópez, Elsa,
_d1943-
_973324
245 1 0 _aDel amor imperfecto /
_cElsa López.
250 _a1ª ed.
260 _aMelilla :
_bAyuntamiento: Universidad Nacional de Educación a Distancia,
_c1987.
300 _a83 p. ;
_c20 cm.
490 1 _aRusadir ;
_v15
710 1 _aMelilla.
_bAyuntamiento.
_95680
710 2 _aUniversidad Nacional de Educación a Distancia (España)
_97405
830 0 _aRusadir ;
_v15
_9180773
852 _aES-MaACL
_j2140-F-3
_bR.115017
_q. - Ded. autógr. de la autora
999 _c93593
_d93593